| 000 | 00793nam a2200217 a 4500 | ||
|---|---|---|---|
| 001 | 000022611 | ||
| 005 | 20200930021709.0 | ||
| 008 | 101014s2004 dr 000 0 fre d | ||
| 020 | _a9993580244 | ||
| 040 |
_aDO-SdBNP _bfre _cBNPHU |
||
| 082 |
_axxxx _bN436h |
||
| 100 | 1 |
_aNemours, Colonel _946531 |
|
| 245 | 1 | 0 |
_aHistoire militaire de la guerre d´indépendence / _cColonel Nemours. |
| 260 |
_aSanto Domingo : _bFundación Global Democracia y Desarrollo, _c2004. |
||
| 300 |
_av. ; _c22 cm. |
||
| 490 | 1 | _aDu Bicentenaire Haití 1804-2004 | |
| 500 | _aLa biblioteca posee el volumen 1 y 2 | ||
| 505 | 2 | _aV. 1. La campagne de Leclerc contre Toussaint Louverture -- V. 2. Les Clorieux combats des divisions du nord. | |
| 830 | 0 |
_aDu Bicentenaire Haití 1804-2004 _946532 |
|
| 049 | _aBNPD | ||
| 999 |
_c22108 _d22108 |
||